000 00831cam a2200301 a 4500
001 3909937
003 000
005 20250502111324.0
008 831104s1982 nyua b 001 0 eng d
010 _a 81086329
020 _a0216912474
035 _a(OCoLC)8698887
035 _a(OCoLC)ocm08698887
035 _a(CStRLIN)NYCM83-B1772
035 _a(NNC)3909937
040 _aUOEL
_cMnU-B
_dMnU-B
_dNNC-M
050 _aQP251
_b.H6 1982
100 1 _aHogarth, Peter J.
245 1 0 _aImmunological aspects of mammalian reproduction /
_cPeter J. Hogarth.
260 _aNew York :
_bPraeger,
_cc1982.
300 _aviii, 196 p. :
_bill. ;
_c24 cm.
500 _aIncludes index.
504 _aBibliography: p. 169-185.
650 2 _aMammals
_ximmunology.
650 2 _aReproduction.
942 _2lcc
_cBK
999 _c1961
_d1961